LEADER 00797nam0-22002771i-450- 001 990002539910403321 035 $a000253991 035 $aFED01000253991 035 $a(Aleph)000253991FED01 035 $a000253991 100 $a20000920d1967----km-y0itay50------ba 101 0 $aENG 200 1 $aProbability in Communication Engineering$fPetr Beckmann. 210 $aNew York$cHarcourt Brace & World Inc.$d1967. 215 $ax, 511 p.$d25 cm 610 0 $aProbabilitą, Probabilitą$ateoria generale 676 $a519 700 1$aBeckmann,$bPetr$011949 801 0$aIT$bUNINA$gRICA$2UNIMARC 901 $aBK 912 $a990002539910403321 952 $aMI-A-214$b1226$fMAS 959 $aMAS 996 $aProbability in Communication Engineering$9438087 997 $aUNINA DB $aING01 LEADER 03132nam 2200601 450 001 9910790430903321 005 20230126203348.0 010 $a1-61117-254-3 035 $a(CKB)2550000001115011 035 $a(OCoLC)857769845 035 $a(CaPaEBR)ebrary10757029 035 $a(SSID)ssj0000984963 035 $a(PQKBManifestationID)11557989 035 $a(PQKBTitleCode)TC0000984963 035 $a(PQKBWorkID)11012861 035 $a(PQKB)10858546 035 $a(MiAaPQ)EBC2054824 035 $a(Au-PeEL)EBL2054824 035 $a(CaPaEBR)ebr10757029 035 $a(CaONFJC)MIL515300 035 $a(EXLCZ)992550000001115011 100 $a20130404h20132013 uy| 0 101 0 $aeng 135 $aurcnu|||||||| 181 $ctxt 182 $cc 183 $acr 200 00$aRecovering the Piedmont past $eunexplored moments in nineteenth-century Upcountry South Carolina history /$fedited by Timothy P. Grady and Melissa Walker ; foreword by Orville Vernon Burton 210 1$aColumbia, South Carolina :$cThe University of South Carolina Press,$d[2013] 210 4$d©2013 215 $a1 online resource (253 p.) 300 $aBibliographic Level Mode of Issuance: Monograph 311 $a1-61117-253-5 311 $a1-299-84049-3 320 $aIncludes bibliographical references and index. 327 $aForeword / Orville Vernon Burton -- Introduction / Timothy P. Grady and Melissa Walker -- Mineral water, dancing, and amusements : the development of tourism in the nineteenth-century Upcountry / Melissa Walker -- "Education has breathed over the scene" : Robert H. Reid and the Reidville schools, 1857-1905 / Timothy P. Grady -- Prelude to Little Bighorn : the Seventh U.S. Cavalry in the South Carolina Upcountry / Andrew H. Myers -- "At present we have no school at all which is truly unfortunate" : freedmen and schools in Abbeville County, 1865-1875 / Katherine D. Cann -- From slavery to freedom : African American life in post-Civil War Spartanburg / Diane C. Vecchio -- African Americans and the Presbyterian Church : the Clinton Presbyterian Church and Sloan's Chapel / Nancy Snell Griffith -- "Murder takes the angel shape of justice" : rape, reputation, and retribution in nineteenth-century Spartanburg / Carol Loar -- "May the Lord keep down hard feelings" : the Woodrow evolution controversy and the 1884 Presbyterian Synod of South Carolina / Robert B. McCormick. 606 $aEducation$zSouth Carolina$xHistory$y19th century 606 $aAfrican Americans$zSouth Carolina$xHistory$y19th century 607 $aSouth Carolina$xHistory, Local$y19th century 607 $aSouth Carolina$xSocial conditions$y19th century 607 $aSouth Carolina$xChurch history$y19th century 615 0$aEducation$xHistory 615 0$aAfrican Americans$xHistory 676 $a975.7/03 701 $aGrady$b Timothy Paul$01483097 701 $aWalker$b Melissa$f1962-$0856167 801 0$bMiAaPQ 801 1$bMiAaPQ 801 2$bMiAaPQ 906 $aBOOK 912 $a9910790430903321 996 $aRecovering the Piedmont past$93701095 997 $aUNINA